| 000 | 00526nam a2200181Ia 4500 | ||
|---|---|---|---|
| 001 | 4838 | ||
| 005 | 20260306145824.0 | ||
| 008 | 260306t2006||||xx |||||||||||||| ||spa|| | ||
| 041 | _aESP | ||
| 082 |
_a330.9031 _bV64 |
||
| 100 |
_aVigo Gutiérrez, Abelardo de _eAUT |
||
| 245 | 0 |
_aEconomía y ética en el siglo XVI: _bestudio comparativo entre los Padres de las Reforma y la teología española |
|
| 260 | _c2006 | ||
| 300 |
_axviii, 889 páginas : _c20 cm. |
||
| 650 | _aGEN | ||
| 654 | _aCAN | ||
| 942 |
_cLIB _dJUS _fJUS _2ddc _n |
||
| 999 |
_c4838 _d4838 |
||